Revenge of the dragon lady / (Record no. 2259)

MARC details
000 -LEADER
fixed length control field 01121cam a2200325 a 4500
005 - DATE AND TIME OF LATEST TRANSACTION
control field 20231114085240.0
020 ## - INTERNATIONAL STANDARD BOOK NUMBER
International Standard Book Number 0448417286
020 ## - INTERNATIONAL STANDARD BOOK NUMBER
International Standard Book Number 0448415933
020 ## - INTERNATIONAL STANDARD BOOK NUMBER
International Standard Book Number 9780439626538
040 ## - CATALOGING SOURCE
Original cataloging agency DLC
Transcribing agency DLC
Modifying agency DLC
Language of cataloging eng
050 00 - LIBRARY OF CONGRESS CALL NUMBER
Classification number PZ7.M47879
Item number Re 1997
082 00 - DEWEY DECIMAL CLASSIFICATION NUMBER
Classification number 810
Edition number 21
100 1# - MAIN ENTRY--PERSONAL NAME
Personal name McMullan, Kate
245 10 - TITLE STATEMENT
Title Revenge of the dragon lady /
Statement of responsibility, etc. by K.H. McMullan ; illustrated by Bill Basso.
250 ## - EDITION STATEMENT
Edition statement First Scholastic printing, January 2004
260 ## - PUBLICATION, DISTRIBUTION, ETC.
Place of publication, distribution, etc. New York :
Name of publisher, distributor, etc. Scholastic,
Date of publication, distribution, etc. 1997
300 ## - PHYSICAL DESCRIPTION
Extent 108 pages :
Other physical details illustrations
Dimensions 19 cm
490 1# - SERIES STATEMENT
Series statement Dragon Slayers' Academy ;
Volume/sequential designation 2
505 ## - FORMATTED CONTENTS NOTE
Formatted contents note H
520 ## - SUMMARY, ETC.
Summary, etc. After accidentally killing a dragon, Wiglaf hopes his friends at Dragon Slayers' Academy will be able to help him prove himself a hero when he faces that dragon's mother, Seetha, the Beast of the East.
521 ## - TARGET AUDIENCE NOTE
Target audience note 460
Source Lexile
521 ## - TARGET AUDIENCE NOTE
Target audience note H
Source Raz-Plus
650 #1 - SUBJECT ADDED ENTRY--TOPICAL TERM
Topical term or geographic name entry element Dragons
General subdivision Fiction.
650 #1 - SUBJECT ADDED ENTRY--TOPICAL TERM
Topical term or geographic name entry element Schools
General subdivision Fiction.
650 #1 - SUBJECT ADDED ENTRY--TOPICAL TERM
Topical term or geographic name entry element Courage
General subdivision Fiction.
700 1# - ADDED ENTRY--PERSONAL NAME
Personal name Basso, Bill
Relator term illustrator
906 ## - LOCAL DATA ELEMENT F, LDF (RLIN)
a 7
b cbc
c orignew
d 1
e ocip
f 19
g y-gencatlg
942 ## - ADDED ENTRY ELEMENTS (KOHA)
Source of classification or shelving scheme Dewey Decimal Classification
Koha item type Books
Suppress in OPAC No
999 ## -
-- 2259
-- 2259
Holdings
Withdrawn status Lost status Source of classification or shelving scheme Damaged status Not for loan Collection Home library Current library Shelving location Date acquired Total Checkouts Full call number Barcode Date last seen Price effective from Koha item type
    Dewey Decimal Classification     Juvenile Fiction Footprints International School Library Network Toul Kork Campus Footprints International School Library Network Toul Kork Campus TK Primary Library Room(4th Floor), Bookcase 1&2, Shelves 1-16, Dark Blue Books 11/14/2023   MCM 810 PZ7.M47879 FISTK00449 11/14/2023 11/14/2023 Books